Yani nasıl desem (Record no. 3395)

MARC details
000 -BAŞLIK
Sabit Uzunlukta Kontrol Alanı 00563na a2200217 4500
001 - KONTROL NUMARASI
Denetim Alanı 15626
003 - KONTROL NUMARASI IDENTIFIER
Denetim Alanı MIRAKIL
005 - SON İŞLEM TARİHİ VE ZAMANI
Denetim Alanı 20181213154930.0
008 - SABİT-BOY VERİ ELEMANLARI - GENEL BİLGİLER
Sabit Uzunlukta Kontrol Alanı 160918b tu 000 0
035 ## - SİSTEM KONTROL NUMARASI
Sistem Kontrol Numarası 15626
040 ## - KATALOGLAMA KAYNAK
Orijinal Kataloglama Ajansı Milas
Kataloglama Dili tur
Metne Dönüştürmek Ajansı TR-AnCHP
082 ## - DEWEY ONLU SINIFLANDIRMA NUMARASI
Sınıflandırma Numarası 817.42
Ürün Numarası S65y
090 ## - SINIFLAMA NUMARASI
Sınıflama Numarası 817.42 S65y 1990
100 ## - ANA GİRİŞ - KİŞİSEL İSİM
Kişisel Ad Som, Deniz
Bir Adıyla İlişkilendirilen Tarihler 1953 -
245 ## - BAŞLIK TABLOSU
Başlık Yani nasıl desem
Sorumluluk Tablosu, Vb Deniz Som
260 ## - YAYIN, DAĞITIM, VB
Yayın, Dağıtım, Vb Yeri İstanbul
Yayıncı, Dağıtıcı, Vs Adı Papirus yayınları
Yayın, Dağıtım, Vb Tarihi 1990
300 ## - FİZİKSEL TANIM
Kapsam 189 s.
Boyutlar 20 sm.
490 ## - SERİSİ TABLOSU
Seri Beyanı Papirus yayınları
Hacim / Ardışık Tanımı 4
650 ## - KONU KATMA GİRİŞ - TOPİKAL DÖNEM
Topikal Süreli Veya Coğrafi Ad Giriş Elemanı Türk edebiyatı
Genel Alt Bölümü Mizah
942 ## - EKLENDİ GİRİŞ ELEMANLARI (KOHA)
Sınıflandırma Veya Raf Düzeni Kaynak Dewey Decimal Classification
Koha Öğesi Türü Books
999 ## - SİSTEM KONTROL NUMARALARI (KOHA)
Koha Biblionumber 3395
Koha Biblioitemnumber 3395
Holdings
Kalıcı Konum Mevcut Konum Edinme Tarihi Edinim Kaynak Toplam Check-Out'Lar Tam Çağrı Numarası Barkod Tarih Son Görülme İtibaren Geçerli Fiyatlar Koha Öğesi Türü
CHP Kütüphanesi CHP Kütüphanesi 09/18/2016 Bağış   817.42 S65y 1990 005564 09/18/2016 09/18/2016 Books